Vista normal Vista MARC

Entrada Materia (geográfica)

Número de registros utilizados en: 1

001 - CONTROL NUMBER

  • control field: 98945

003 - CONTROL NUMBER IDENTIFIER

  • control field: Co-BoUCM

005 - DATE AND TIME OF LATEST TRANSACTION

  • control field: 20191025073236.0

008 - FIXED-LENGTH DATA ELEMENTS

  • fixed length control field: 191025|| aca||aabn | a|a d

040 ## - CATALOGING SOURCE

  • Original cataloging agency: Co-BoUCM
  • Transcribing agency: Co-BoUCM

151 ## - HEADING--GEOGRAPHIC NAME

  • Geographic name: Estados Unidos
  • General subdivision: Relaciones exteriores
  • Geographic subdivision: Países en desarrollo

670 ## - SOURCE DATA FOUND

  • Source citation: Work cat.: (Co-BoUCM)315494: Westad, Odd Arne 43920, The global Cold War, 2017